100 Biggest Cities of South Africa on a Map - Statistics

General Stats
  • This quiz has been taken 124 times
  • The average score is 20 of 100
Answers on the Map
Answers color-coded by a green-red scale on the quiz's map according to % correct below.
 
Answer Stats
Population City % Correct
3,430,992 Cape Town
100%
2,786,046 Durban
96%
7,860,781 Johannesburg
95%
876,436 Port Elizabeth
93%
1,763,336 Pretoria
93%
464,591 Bloemfontein
85%
295,644 East London
76%
225,155 Kimberley
51%
80,316 Stellenbosch
51%
291,484 Newcastle
47%
475,238 Pietermaritzburg
47%
157,397 George
42%
227,407 Polokwane
42%
197,735 Paarl
40%
67,581 Upington
35%
211,014 Welkom
35%
311,901 Rustenburg
33%
58,670 Nelspruit
31%
377,922 Vereeniging
31%
50,029 Knysna
29%
97,075 Worcester
27%
311,657 Witbank
25%
163,809 Middelburg
24%
61,508 Oudtshoorn
24%
50,533 Richards Bay
24%
728,063 Soshanguve
24%
137,589 Mthatha
22%
605,504 Evaton
20%
119,726 Ladysmith
20%
65,887 Mossel Bay
20%
148,804 Potchefstroom
20%
98,988 Queenstown
20%
188,035 Somerset West
20%
242,924 Uitenhage
20%
46,856 Hermanus
18%
77,682 King William's Town
18%
189,496 Klerksdorp
18%
113,368 Sasolburg
18%
69,055 Atlantis
16%
67,264 Grahamstown
16%
181,712 Botshabelo
15%
83,735 Ermelo
15%
64,359 Mahikeng
15%
51,540 Kokstad
13%
97,780 Kroonstad
13%
134,525 Stanger
13%
35,153 Aliwal North
11%
48,505 Barberton
11%
76,015 Bethlehem
11%
75,516 Mokopane
11%
37,089 Port Shepstone
11%
84,383 Standerton
11%
66,208 Virginia
11%
38,382 Vredenburg
11%
46,639 Vryburg
11%
44,999 Bela-Bela
9%
65,113 Brits
9%
149,065 Carletonville
9%
34,924 Dundee
9%
35,672 Graaff-Reinet
9%
35,897 Malmesbury
9%
171,522 Mdantsane
9%
48,169 Parys
9%
47,365 Vryheid
9%
60,780 Bethal
7%
118,889 Embalenhle
7%
57,428 eMkhondo
7%
41,248 Ficksburg
7%
71,661 Heidelberg
7%
62,406 Mpumalanga
7%
91,854 Orkney
7%
56,251 Phuthaditjhaba
7%
63,836 Stilfontein
7%
89,427 Thohoyandou
7%
54,109 Tongaat
7%
44,049 Trichardt
7%
52,125 Delmas
5%
94,273 Hammanskraal
5%
45,449 Lichtenburg
5%
42,677 Musina
5%
95,457 Tweefontein
5%
46,029 Bothaville
4%
34,395 Bronkhorstspruit
4%
44,308 Butterworth
4%
36,671 Cradock
4%
48,492 Ekangala
4%
41,403 Lydenburg
4%
41,988 Modimolle
4%
44,981 Mondlo
4%
41,227 Schweizer-Reneke
4%
38,491 Fochville
2%
42,859 Nkowankowa
2%
60,696 Thaba Nchu
2%
45,104 Kwaggafontein
0%
35,089 Lebowakgomo
0%
41,497 Letlhabile
0%
41,298 Mankweng
0%
35,864 Mkhuhlu
0%
63,743 Odendaalsrus
0%
36,882 Siyabuswa
0%
No matching quizzes found
Score Distribution
Percent of People with Each Score
Percentile by Number Answered
Your Score History
You have not taken this quiz